00798 a2200193 4500020001500000040003300015082001200048100002000060245006500080250000800145260004300153300003500196500001900231650003600250942002500286999001500311952014500326952013300471 a0619063157 aLibrary of CongressbEnglish a621.395 aFarrell, Joyce. aProgramming logic and design, comprehensivehJoyce, Farrell. a2nd aCanada:bCourse Technology Inc,c2002. axiv, 434 p. :bill. ;c 24 cm. aIncludes Index aLogic programming.Logic design. cBKk621.395 FAR2ddc c8518d8518 001040708NFICaCLbCLcGENd2003-05-20eAllied Book Companyg3195.35l2o621.395 FARpSEECS003423r2014-12-14s2014-10-18w2017-01-05yBK 001040708NFICaCLbCLcGENd2003-02-02eAllied Book Companyg3066.51l0o621.395 FARpSEECS003126r2012-11-14w2017-01-05yBK